Apuntes sobre algunas posibilidades de autodeterminación reproductiva en América Latina

Guardado en:
Bibliografiske detaljer
Hovedforfatter: Figueroa perea, Juan Guillermo
Format: Texto
Udgivet: s.l.: s.e.
Tags: Tilføj Tag
Ingen Tags, Vær først til at tagge denne postø!

MARC

LEADER 00000 a a2200000 04500
001 23140
003
040
090 |a 159800  
100 |a Figueroa perea, Juan Guillermo  
245 |a Apuntes sobre algunas posibilidades de autodeterminación reproductiva en América Latina  
260 |a s.l.:   |b s.e.  
300 |a 34 p.  
999 |c 1155  |d 1155